00438nam a22001457a 4500020001800000082001800018100002000036245002500056260003100081300000800112650002600120942000700146952012200153999001700275 a9780143028291 a232.09015 KER aKersten, Holger aJesus Lived in India aDelhibPenguin Booksc2001 a320 aJesus Christ- History cBK 00104070aHMIbHMIcGENd2016-01-08eSVS Book Info HYDg399.00l0o232.09015 KERp24992r2016-01-08w2026-01-16yBK c19923d19923